000 00745cab a2200241 4500
001 WB2808-12
008 090401t1992 xxu||||| |||| 00| 0 eng d
035 _a(Sirsi) u39312
041 _aeng
245 _aCombined heat and power database
260 _c1992
350 _a0
490 _aOFF-PR
_v(R9/92) 17 February 1992 (2)
520 _aLaunches a new database containing information on 256 combined heat and power schemes. It is available through the Office of Electricity Regulation.
650 _aCOMBINED HEAT AND POWER
650 _aCOMPUTERS
650 _aDATABASES
650 _aOFFER
690 _aENERGY
_96237
690 _aMANAGEMENT-BUSINESS MANAGEMENT-INFORMATION MANAGEMENT
942 _n0
948 _c04/03/1997
999 _c25239
_d25239